000 00783nam a2200265Ia 4500
003 OSt
005 20221006145750.0
006 a|||||r|||| 00| 0
007 ta
008 221006b |||||||| |||| 00| 0 eng d
024 _a15,889
037 _cTextual
040 _aEASL
_cEASL
_beng
041 _2eng
_aeng
082 _aV41.N12, L6
100 _aGILBERT Rodney
_9648014
245 0 _aUnequal treaties
_b China and the foreigner
260 _aLondon
_bJohn Murray
_c1976
300 _a240p.
_ccm.
490 _v RS
_aChina Studies: Studies in Chinese History and civilization: The Unequal Treaties: China and the foreigner
650 _a CEL
650 _aNationalism
942 _hV41.N12, L6
_cTEXL
_2CC
999 _c1083975
_d1083975